| 000 | 01541cam a2200337 a 4500 | ||
|---|---|---|---|
| 001 | 31564 | ||
| 003 | BD-RjUL | ||
| 005 | 20211209051722.0 | ||
| 008 | 140420r19541930enk 001 0 eng d | ||
| 035 | _a(BD-RjUL)31652 | ||
| 035 | _a2432939 | ||
| 040 |
_aNU _beng _cNU _dBD-RjUL |
||
| 041 | 1 |
_aenglat _hlat |
|
| 082 | 0 | 4 |
_a274.2 _220 _bBEB V-2 1954 |
| 100 | 0 |
_aBede, _d673-735. _995485 |
|
| 245 | 1 | 0 |
_aBaedae Opera historica / _cwith an English translation by J. E. King. _nVolume II : _pEcclesiastical history of the English nation, based on the version of Thomas Stapleton, 1565. |
| 260 |
_aLondon : _bHeinemann ; _c1930 [Reprinted 1954]. |
||
| 300 |
_aix, 517, 6 p. : _bill. ; _c17 cm. |
||
| 490 | 1 |
_aThe Loeb classical library ; _v246, 248 |
|
| 500 | _aHalf-title: Bede, Historical works. | ||
| 504 | _aIncludes index. | ||
| 505 | 0 | _a1. Ecclesiastical history of the English nation, based on the version of Thomas Stapleton, 1565. Books I-III -- 2. Ecclesiastical history of the English nation, based on the version of Thomas Stapleton, 1565. Books IV and V ; Lives of the abbots ; Letter to Egbert. | |
| 650 | 0 |
_aAbbots _zEngland. _996058 |
|
| 651 | 0 |
_aGreat Britain _xChurch history _y449-1066. _996059 |
|
| 830 | 0 |
_v246, 248. _996067 |
|
| 700 | 1 |
_aStapleton, Thomas, _d1535-1598. _996061 |
|
| 700 | 1 |
_aKing, John Edward, _d1858-1939. _996062 |
|
| 700 | 0 | 2 |
_aBede, _cthe Venerable, Saint, _d673-735. _tHistoria ecclesiastica gentis Anglorum. _996063 |
| 830 | 0 |
_aLoeb classical library ; _996068 |
|
| 942 |
_2ddc _cBK |
||
| 999 |
_c31564 _d31564 |
||